Vida del almirante don Cristobal Colón / (Record no. 83521)

MARC details
000 -LEADER
campo de control de longitud fija 01070nam a2200277 i 4500
001 - NÚMERO DE CONTROL
campo de control 83521
003 - IDENTIFICADOR DE NÚMERO DE CONTROL
campo de control ES-MaACL
005 - FECHA Y HORA DE LA ÚLTIMA TRANSACCIÓN
campo de control 20250909175448.0
007 - CAMPO FIJO DE DESCRIPCIÓN FÍSICA--INFORMACIÓN GENERAL
campo de control de longitud fija t|
008 - DATOS DE LONGITUD FIJA--INFORMACIÓN GENERAL
campo de control de longitud fija 041117s1987 sp f |||| |bspa d
020 ## - NÚMERO INTERNACIONAL ESTÁNDAR DEL LIBRO
Número Internacional Estándar del Libro 84-7090-174-5
100 0# - ENTRADA PRINCIPAL--NOMBRE DE PERSONA
Nombre de persona Irving, Washington,
Fechas asociadas al nombre 1783-1859
9 (RLIN) 65506
245 10 - MENCIÓN DEL TÍTULO
Título Vida del almirante don Cristobal Colón /
Mención de responsabilidad, etc. Washington Irving ; presentación y apéndices por José M. Gómez Tabanera ; prólogo por Demetrio Ramos ; traducciones de J. García de Villalta y N. Fernández Cuesta.
260 ## - PUBLICACIÓN, DISTRIBUCIÓN, ETC.
Lugar de publicación, distribución, etc. Madrid :
Nombre del editor, distribuidor, etc. Colegio Universitario de Ediciones Istmo,
Fecha de publicación, distribución, etc. [1987]
300 ## - DESCRIPCIÓN FÍSICA
Extensión LXXXVII, 815 p., 16 lám. ;
Dimensiones 21 cm.
490 1# - MENCIÓN DE SERIE
Mención de serie Mundus novus ;
Designación de volumen o secuencia 1
500 ## - NOTA GENERAL
Nota general Índice.
504 ## - NOTA DE BIBLIOGRAFÍA, ETC.
Nota de bibliografía, etc. Bibliografía.
700 0# - ENTRADA AGREGADA--NOMBRE PERSONAL
Nombre de persona Gómez-Tabanera, José Manuel,
Fechas asociadas al nombre 1926-2011
9 (RLIN) 58165
700 1# - ENTRADA AGREGADA--NOMBRE PERSONAL
Nombre de persona Ramos, Demetrio.
9 (RLIN) 95248
700 1# - ENTRADA AGREGADA--NOMBRE PERSONAL
Nombre de persona García de Villalta, José.
9 (RLIN) 127224
700 1# - ENTRADA AGREGADA--NOMBRE PERSONAL
Nombre de persona Fernández Cuesta, Nemesio,
Fechas asociadas al nombre 1818-1893
9 (RLIN) 49614
830 0# - PUNTO DE ACCESO ADICIONAL DE SERIE-TÍTULO UNIFORME
Título uniforme Mundus novus ;
Designación de volumen o secuencia 1
9 (RLIN) 177495
852 ## - LOCALIZACIÓN
Ubicación ES-MaACL
Número de control de estantería G-6885
Holdings
Estatus retirado Estado de pérdida Estado de daño No para préstamo Biblioteca de origen Biblioteca actual Ubicación en estantería Fecha de adquisición Fuente de adquisición Total de préstamos Signatura topográfica completa Código de barras Visto por última vez Precio de reemplazo Tipo de ítem Koha
        Biblioteca del Ateneo de Madrid Biblioteca del Ateneo de Madrid Depósito 2 17/01/2008     G-6885 1087295 23/02/2023 23/02/2023 Libro impreso